000 00364nam a22001217a 4500
020 _a9780691027555
082 _a347.7301
_bFRA
100 _aFrank, Jerome
245 _aCourts on Trial:
_bMyth and Reality in American Justice /
_cJerome Frank
260 _bPrinceton University Press,
_c1973.
650 _aLaw, Courts on Trial
_9128333
942 _2ddc
_cBK
999 _c613339
_d613339